00345nam a2200109Ia 4500008004100000082001500041100003500056245002600091942000600117952009700123999001500220240331s9999 xx 000 0 und d a303.6bCOS aThe National Peace Council. ed 0aCost of War Sri Lanka cL 001040708LaWERCLbWERCLcSSCd2024-03-31l0o 303.6 COSp1901r2024-03-31w2024-03-31yL c1256d1256